The track of the cat
Salvato in:
| Autore principale: | |
|---|---|
| Natura: | Libro |
| Lingua: | Undetermined |
| Pubblicazione: |
New York, Estados Unidos
Signet
1949
|
| Soggetti: | |
| Tags: |
Aggiungi Tag
Nessun Tag, puoi essere il primo ad aggiungerne!!
|
MARC
| LEADER | 00000nam a2200000Ia 4500 | ||
|---|---|---|---|
| 008 | 170316s9999 xx 000 0 und d | ||
| 040 | |a cru BVZT | ||
| 090 | |a 810 V-2t | ||
| 100 | |a Van Tilburg Clark, Walter | ||
| 245 | 4 | |a The track of the cat | |
| 260 | |a New York, Estados Unidos | ||
| 260 | |b Signet | ||
| 260 | |c 1949 | ||
| 300 | |a 344 páginas | ||
| 650 | |a LITERATURA ESTADOUNIDENSE | ||
| 999 | |c 6227 |d 6227 | ||
| 942 | |c 15 D |h 810 V-2t |2 z | ||
